Statistics for Who does Russia share land borders with?

Click here to take the quiz!

General Stats

  • This quiz has been taken 120 times
  • The average score is 10 of 14

Answer Stats

Answer% Correct
China
89%
Mongolia
82%
Ukraine
79%
Estonia
77%
Belarus
76%
Finland
76%
Latvia
76%
Kazakhstan
72%
Lithuania
68%
Norway
64%
North Korea
60%
Poland
57%
Georgia
55%
Azerbaijan
39%

Score Distribution

Percentile by Number Answered

Percent of People with Each Score

Your Score History

You have not taken this quiz